Malayan patents relating to rubber. Part II (Record no. 62382)

MARC details
000 -LEADER
fixed length control field 00385nam a2200145Ia 4500
100 ## - MAIN ENTRY--AUTHOR NAME
Personal name Rhodes E
245 #0 - TITLE STATEMENT
Title Malayan patents relating to rubber. Part II
260 ## - PUBLICATION, DISTRIBUTION, ETC. (IMPRINT)
Name of publisher Journal of the Rubber Research Institute of Malaya
Year of publication 1934
300 ## - PHYSICAL DESCRIPTION
Number of Pages 196-228
650 ## - SUBJECT ADDED ENTRY--TOPICAL TERM
Topical Term Malaya
650 ## - SUBJECT ADDED ENTRY--TOPICAL TERM
Topical Term Rubber
700 ## - ADDED ENTRY--PERSONAL NAME
Personal name Wiltshire J L
942 ## - ADDED ENTRY ELEMENTS (KOHA)
Koha item type Journals
Holdings
Withdrawn status Lost status Damaged status Not for loan Home library Current library Shelving location Date acquired Serial Enumeration / chronology Koha item type
      Journals RRII Library RRII Library Rubber general 17/12/2021 Volume 5, Issue 2 Journals